🎶 Paroles "Violette" Anne Sylvestre - Statistiques

Statistiques générales
  • Ce quiz a été pris 11 fois
  • Le résultat moyen est 227 sur 388
Statistiques - réponses
Mots % Correct
La la la....
100%
La la la...
100%
Violette
100%
Violette,
100%
A
83%
à
83%
a
83%
C'
83%
c'
83%
ça
83%
ce
83%
d'
83%
D'
83%
de
83%
Elle
83%
elle
83%
en
83%
est
83%
-Et
83%
et
83%
Et
83%
l'
83%
la
83%
'la
83%
le
83%
les
83%
Les
83%
m'
83%
n'
83%
-Où
83%
pas !
83%
pas
83%
Pas
83%
-Plus
83%
Plus
83%
plus
83%
pour
83%
Pour
83%
qu'
83%
Qui
83%
qui
83%
se
83%
ses
83%
un
83%
une
83%
ans
67%
bien
67%
dans
67%
des
67%
fois
67%
grand-
67%
il
67%
Il
67%
j'
67%
lui
67%
non
67%
petite
67%
p'tit
67%
p'tite
67%
Quand
67%
que
67%
Que
67%
quoi ?
67%
sa
67%
son
67%
su
67%
tous
67%
tout
67%
trop
67%
va
67%
vois
67%
aux
50%
Aux
50%
Avec
50%
casser
50%
dame
50%
dame',
50%
dame,
50%
dire
50%
dit
50%
du
50%
enfant
50%
enfants
50%
faire
50%
fait
50%
faut
50%
jamais
50%
jour
50%
mère
50%
Ne
50%
personne
50%
pieds
50%
plein
50%
poussières
50%
Quatre-
50%
sait
50%
sera
50%
si
50%
sur
50%
tête
50%
veut
50%
vingt
50%
vingts
50%
vous
50%
Vous
50%
aime
33%
arrière-
33%
baraque
33%
boucher
33%
comme
33%
croire
33%
eau
33%
eu
33%
facile
33%
faim,
33%
froid
33%
hommes
33%
marchand
33%
mettre
33%
part
33%
peur
33%
rien
33%
sornettes
33%
Sous
33%
vécu
33%
vivre
33%
yeux
33%
air
17%
arbre,
17%
art
17%
barbaque
17%
caisse
17%
Celui
17%
chiens
17%
condescendance
17%
connaît
17%
doit
17%
drames
17%
fond
17%
Gardez
17%
gentil
17%
guerre
17%
histoire
17%
imbéciles
17%
jeter
17%
livres
17%
lunettes
17%
marmots
17%
mérite
17%
Mettez-
17%
monsieur
17%
Nommez
17%
noyade
17%
parlez ?
17%
perdants
17%
quelques
17%
respect
17%
Savez-
17%
sympathie
17%
toisait
17%
Venez
17%
vos
17%
Votre
17%
votre
17%
années
0%
blessez
0%
bois
0%
bruyère
0%
chiendent,
0%
coiffure
0%
Comprenez
0%
connaîtrez
0%
côtoyé
0%
courant
0%
coûte
0%
couve
0%
débloque
0%
dédain
0%
dignité
0%
dure
0%
enfance
0%
fabriqué
0%
grandi
0%
griffes
0%
médocs
0%
menteurs
0%
neige
0%
professeur
0%
rebiffe
0%
repêcher
0%
restent
0%
rétroviseurs
0%
route
0%
r'plongez
0%
savait
0%
semelles
0%
soigner
0%
tenir
0%
terme
0%
tiendrez
0%
tomber
0%
viendrez
0%
vocabulaire
0%
Aucun quiz correspondant
Distribution des résultats
% des personnes avec chaque résultat
Percentile par nombre de réponses
Votre historique - résultats
Vous n’avez pas pris ce quiz